[Event "Rohde op 12th"]
[Site "Sautron"]
[Date "2012.10.31"]
[Round "6"]
[White "Riff, Jean Noel"]
[Black "Sergeev, Vladimir"]
[Result "1-0"]
[WhiteElo "2473"]
[BlackElo "2475"]
[Annotator "RR"]
[PlyCount "85"]
[EventDate "2012.10.27"]
[EventType "swiss"]
[EventRounds "9"]
[EventCountry "FRA"]
[SourceTitle "EXT 2014"]
[Source "ChessBase"]
[SourceDate "2013.11.20"]
[SourceVersion "1"]
[SourceVersionDate "2013.11.20"]
[SourceQuality "1"]
[TimeControl "40/5400+30:1800+30"]
[WhiteClock "1:30:00"]
[BlackClock "1:30:00"]

1. e4 {[%emt 0:00:00]} Nf6 {[%emt 0:00:00]} 2. e5 {[%emt 0:00:00]} Nd5 {
[%emt 0:00:00]} 3. d4 {[%emt 0:00:00]} d6 {[%emt 0:00:00]} 4. c4 {[%emt 0:00:
00]} (4. Nf3) 4... Nb6 {[%emt 0:00:06]} 5. f4 {[%emt 0:00:00]} g6 {[%emt 0:00:
20]} 6. Nc3 {[%emt 0:00:12]} Bg7 {[%emt 0:00:07]} 7. Be3 {[%emt 0:00:19]} Be6 {
[%emt 0:01:42]} 8. Nf3 {[%emt 0:00:31]} (8. b3 O-O 9. Nf3 c5 10. dxc5 N6d7 11.
Rc1 dxe5 {1/2-1/2 Fedorov,A (2620)-Sergeev,V (2430)/Warsaw 2004/CBM 103 ext}) (
8. d5 Bc8 9. Nf3 c6 10. Be2 O-O 11. O-O Bg4 12. Qd2 Bxf3 13. Rxf3 cxd5 14. cxd5
dxe5 15. fxe5 Bxe5 16. Bh6 N8d7 17. Bxf8 Qxf8 18. Ne4 Qg7 19. Raf1 Nf6 20.
Nxf6+ exf6 21. d6 Rd8 22. Rd3 Nc4 {Petr,M (2416)-Sergeev,V (2455)/Usti nad
Orlici 2006/CBM 112 ext/1/2-1/2}) 8... O-O {[%emt 0:00:37]} 9. Qb3 {[%emt 0:00:
07]} (9. b3 {La grande ligne} c5 $1 10. dxc5 N6d7 {[%cal Gd7c5,Gg7c3,Gd6e5]})
9... Na6 $146 {[%emt 0:02:26][%cal Gc7c5]} (9... a5 10. Ng5 Bf5 11. c5 a4 12.
Qd1 dxc5 13. dxc5 Qxd1+ 14. Rxd1 Nc8 15. Bc4 Nc6 16. O-O h6 17. Nf3 a3 18. b3
N8a7 19. Rd2 Nb4 20. Nd4 Bc8 21. h3 b6 22. Rfd1 g5 23. fxg5 Bxe5 24. cxb6 {
Simon,O (2338)-Degraeve,J (2573)/Lille 2011/CBM 142 Extra/1-0 (33)}) 10. Ng5 {
[%emt 0:06:52]} (10. Rc1 c5 11. d5 Bg4 12. Be2 Bxf3 13. Bxf3 dxe5 14. fxe5 Bxe5
15. O-O $44) 10... c5 $1 {[%emt 0:01:09]} 11. dxc5 {[%emt 0:07:26]} (11. d5) (
11. Nxe6 fxe6 12. dxc5 Nxc5 $132) 11... Nxc5 {[%emt 0:00:09]} 12. Bxc5 $1 {
[%emt 0:00:07]} dxc5 {[%emt 0:00:04]} 13. Rd1 $36 {[%emt 0:02:08]} Qc8 {
[%emt 0:07:33]} 14. Nd5 $1 {[%emt 0:09:09]} Bxd5 {[%emt 0:18:31]} 15. cxd5 {
[%emt 0:00:55]} Qf5 $6 {[%emt 0:09:26]} (15... c4 $142 $5 16. Qf3 (16. Qc2 Qc5
{[%csl Re1]}) 16... Qc5 (16... h6 17. Ne4) 17. Be2 (17. Ne4 $13 {[%csl Re1]}
Qa5+) 17... Qb4+) 16. g3 $1 {[%emt 0:03:20][%cal Gf1h3]} c4 {[%emt 0:06:54]}
17. Qc3 {[%emt 0:13:21]} Qc8 {[%emt 0:23:19] Laisse un temps de répit aux
Blancs pour terminer le développement alors que Na4 gardait l'initiaitve mais
conduisait а des positions peu claires.} (17... Na4 $5 18. Qb4 Qc2 $13 19. Rd2
Qc1+) 18. Qb4 {[%emt 0:03:31]} (18. Bh3 $1 {Terminer le développement en
gagnant un tempo paraissait plus simple} Qc5 (18... Qc7 19. O-O Rfd8 20. Qf3 {
[%cal Gf3d5,Gf4f5,Gg5f7]}) 19. Ne4 $36 {[%cal Ge1g1]}) 18... Rd8 {[%emt 0:07:
34]} 19. Qxe7 {[%emt 0:10:53]} Rd7 {[%emt 0:00:41]} 20. Qb4 {[%emt 0:01:03]}
Nxd5 $6 {[%emt 0:09:11]} (20... Qd8 $1 21. d6 Bxe5 $1 22. Nxf7 Rxf7 23. fxe5 {
[%csl Re1]} Qg5 $15 {[%csl Re5]}) 21. Qxc4 {[%emt 0:00:16]} Qd8 $2 {[%emt 0:02:
20] Trop tard!} (21... Nb6 22. Qxc8+ Rxc8 23. Bh3 Rxd1+ 24. Kxd1 Rc7) 22. Nxf7
$1 {[%emt 0:00:29]} Kxf7 {[%emt 0:01:53]} 23. e6+ $1 {[%emt 0:02:39] La pointe!
} Kxe6 {[%emt 0:01:14]} 24. Bh3+ {[%emt 0:00:12]} Kf6 {[%emt 0:03:25]} 25. Bxd7
{[%emt 0:00:15]} Qe7+ {[%emt 0:00:38]} 26. Kf2 $18 {[%emt 0:00:29]} Nb6 {
[%emt 0:00:49]} 27. Qb5 {[%emt 0:01:33]} Kf7 {[%emt 0:00:54]} 28. Rhe1 {
[%emt 0:00:06]} Qf6 {[%emt 0:00:08]} 29. Be6+ {[%emt 0:00:42]} Kf8 {[%emt 0:00:
05]} 30. Qc5+ {[%emt 0:00:38]} Qe7 {[%emt 0:00:07]} 31. Qxe7+ {[%emt 0:00:08]}
Kxe7 {[%emt 0:00:02]} 32. Bc8+ {[%emt 0:01:32]} Kf7 {[%emt 0:00:25]} 33. Bxb7 {
[%emt 0:00:06]} Rb8 {[%emt 0:00:05]} 34. Bd5+ {[%emt 0:00:03]} Nxd5 {[%emt 0:
00:08]} 35. Rxd5 {[%emt 0:00:07]} Bxb2 {[%emt 0:00:36]} 36. Rd7+ {[%emt 0:00:
06]} Kg8 {[%emt 0:00:03]} 37. Kf3 {[%emt 0:00:37]} a5 {[%emt 0:00:17]} 38. Ra7
{[%emt 0:00:34]} Bd4 {[%emt 0:00:46]} 39. Rd7 {[%emt 0:00:17]} Bg7 {[%emt 0:01:
01]} 40. Re2 {[%emt 0:00:00]} Bf8 {[%emt 0:00:00]} 41. Ra7 {[%emt 0:01:50]} Bb4
{[%emt 0:02:39]} 42. Rc2 {[%emt 0:00:25]} Rd8 {[%emt 0:03:06]} 43. Ke4 1-0

[Event "Bundesliga 1112"]
[Site "Germany"]
[Date "2011.11.19"]
[Round "4.5"]
[White "Hector, Jonny"]
[Black "Appel, Ralf"]
[Result "1-0"]
[WhiteElo "2575"]
[BlackElo "2529"]
[Annotator "RR"]
[PlyCount "111"]
[EventDate "2011.10.14"]
[EventType "team-tourn"]
[EventRounds "15"]
[EventCountry "GER"]
[SourceTitle "CBM 146"]
[Source "ChessBase"]
[SourceDate "2012.01.18"]
[SourceVersion "1"]
[SourceVersionDate "2012.01.18"]
[SourceQuality "1"]
[WhiteTeam "Emsdetten Turm"]
[BlackTeam "Wattenscheid"]
[WhiteTeamCountry "GER"]
[BlackTeamCountry "GER"]

1. e4 Nf6 2. e5 Nd5 3. d4 d6 4. c4 Nb6 5. f4 dxe5 6. fxe5 Nc6 7. Be3 Bf5 8. Nc3
e6 9. Nf3 Be7 10. d5 Nb4 11. Rc1 exd5 12. a3 c5 13. axb4 d4 14. Bxd4 cxd4 15.
Nxd4 Qb8 16. Qe2 Be6 17. Nxe6 fxe6 18. c5 Nd7 19. Qe4 O-O 20. Bc4 Nxe5 21.
Bxe6+ Kh8 22. Nd5 Re8 $6 (22... Bg5 23. Rc3 Qe8 $11) 23. O-O $18 Bg5 24. Rce1
Rxe6 25. Qf5 Nf3+ 26. Qxf3 Rxe1 27. Rxe1 Qg8 28. b5 Re8 $6 (28... Rf8 29. Qd3
Re8) 29. Rxe8 $18 Qxe8 30. g3 h6 31. h4 Bd2 32. Qd3 Bb4 33. Qc4 Ba5 34. Kg2 Qe5
35. b4 Bd8 36. Nf4 Qb2+ 37. Kh3 Qb1 38. Qd5 Bc7 39. Kg4 Qxb4 40. c6 bxc6 41.
bxc6 a5 42. Qd7 Qd6 43. Qe8+ Kh7 44. Kh3 Bb8 45. h5 Bc7 $2 (45... Qe5 46. Qg6+
Kh8 $16) 46. Qg6+ $18 Qxg6 47. hxg6+ Kg8 48. Ne6 Bd6 49. c7 Bxc7 50. Nxc7 a4
51. Nb5 Kf8 52. Kg4 Ke7 53. Kf5 Kd7 54. g4 Ke7 $2 (54... Kc6 55. Na3 Kd6) 55.
Ke5 $18 Kd7 56. Na3 1-0

[Event "Villa Ballester op 48th"]
[Site "Villa Ballester"]
[Date "1998.??.??"]
[Round "7"]
[White "Rodriguez Vila, Andres"]
[Black "Paglilla, Carlos"]
[Result "1-0"]
[WhiteElo "2475"]
[BlackElo "2405"]
[Annotator "Ricardi,P"]
[PlyCount "77"]
[EventDate "1998.??.??"]
[EventType "swiss"]
[EventRounds "9"]
[EventCountry "ARG"]
[SourceTitle "EXT 2001"]
[Source "ChessBase"]
[SourceDate "2000.11.22"]
[SourceVersion "1"]
[SourceVersionDate "2000.11.22"]
[SourceQuality "1"]

1. e4 Nf6 2. e5 Nd5 3. d4 d6 4. c4 Nb6 5. exd6 cxd6 6. Nc3 g6 7. Be3 Bg7 8. Rc1
O-O 9. b3 e5 10. dxe5 dxe5 11. Qxd8 Rxd8 12. c5 N6d7 13. Bc4 Nc6 14. Nf3 Nf6 (
14... h6 15. Nb5) 15. Nb5 Ne8 16. Ng5 Rd7 17. O-O Nd8 18. Rfd1 h6 19. Ne4 Rxd1+
20. Rxd1 Be6 21. Bxe6 Nxe6 22. Rd7 f5 $2 (22... Bf8 $142 23. Rxb7 (23. Ned6
$142) 23... f5) 23. Re7 $1 fxe4 24. Rxe6 Kf7 25. Rxe8 $1 Rxe8 26. Nd6+ Ke7 27.
Nxe8 Kxe8 28. c6 $1 b6 (28... bxc6 29. Bxa7) 29. b4 Ke7 30. b5 Kd6 31. g4 h5
32. gxh5 gxh5 33. Bg5 Ke6 34. Kf1 Bf8 35. Bd8 Bc5 36. Bc7 Bd4 37. a4 Ke7 38.
Ke2 Ke6 39. Bb8 1-0

[Event "Olympiad-32"]
[Site "Yerevan"]
[Date "1996.09.21"]
[Round "6.3"]
[White "Mamadshoev, Marat"]
[Black "Wohl, Aleksandar H"]
[Result "1-0"]
[WhiteElo "2315"]
[BlackElo "2400"]
[Annotator "Rogers,I"]
[PlyCount "93"]
[EventDate "1996.09.15"]
[EventType "team-swiss"]
[EventRounds "14"]
[EventCountry "ARM"]
[SourceTitle "CBM 055"]
[Source "ChessBase"]
[SourceDate "1996.12.01"]
[SourceVersion "1"]
[SourceVersionDate "1996.12.01"]
[SourceQuality "1"]
[WhiteTeam "Tajikistan"]
[BlackTeam "Australia"]
[WhiteTeamCountry "TJK"]
[BlackTeamCountry "AUS"]

1. e4 Nf6 2. e5 Nd5 3. d4 d6 4. c4 Nb6 5. f4 c5 $5 (5... dxe5 6. fxe5 c5 $5 {
is well known as risky but Wohl's new idea is even more outlandish.}) 6. dxc5
N6d7 (6... dxc5 {leads to a horrible ending and was definitely not Wohl's
intention.}) 7. cxd6 exd6 8. exd6 Nf6 $1 9. Qe2+ Be6 10. Nc3 {Here Wohl began
to think hard and I began to wonder if he was going to resign!} ({Black is now
two pawns down but White, perhaps unluckily, cannot win immediately with} 10.
f5 $2 {due to} Qa5+) 10... g6 $1 ({Wohl later explained that he was still
following his opening preparation but had originally intended} 10... Qa5 {
which looks rather awkward. Over the board he found a much better idea.}) 11.
c5 Bg7 12. Qb5+ Nbd7 13. Nf3 ({White could of course grab another pawn and
force the exchange of queens yet after} 13. Qxb7 Nxc5 14. Qc7 Qxc7 15. dxc7 O-O
{the c7 pawn is doomed and Black will have reasonable compensation for his
material deficit. White prefers to complete his development and try to hang on
to only one pawn.}) 13... O-O 14. Be2 Rc8 15. O-O Nxc5 16. Rd1 Bd7 $1 17. Qb4
a5 $1 {By now Wohl's teammates were feeling much happier.} 18. Qd4 $1 (18. Qa3
b5 $1 {, meeting} 19. Bxb5 {with} Qb6 {, keeps White on the back foot.}) 18...
Ng4 19. Ne5 Ne6 $1 20. Qa7 $1 {Great defence by Mamahdshoev, who has
calculated that he canot be forced to suurrender the key g1-a7 diagonal.} Nxe5
21. fxe5 Bxe5 22. Qf2 $1 Bc6 {Otherwise 23.Nd5 is annoying.} 23. Bh6 Bg7 $2 {
The first sign that Wohl is losing his nerve after such a brave opening.} ({
Wohl wanted to sacrifice the exchange with} 23... Bxd6 $1 24. Bxf8 Qxf8 {
but could not see a clear path to an advantage and decided on the 'safe' text
move. Unfortunately the game continuation is slightly better for White due to
his passed d pawn whereas the exchange sacrifice offered dynamic equality at
least.}) (23... Re8 $2 24. d7 $1) 24. Bxg7 Kxg7 25. Bb5 $1 Bxb5 26. Nxb5 Qg5
27. Nc3 Qc5 28. Rd5 Qxf2+ 29. Kxf2 Rfd8 30. Rad1 b6 $2 {A new and serious
weakness.} (30... Nc5 {should hold a draw.}) 31. d7 Rc5 $6 32. Na4 $1 Rc2+ 33.
R1d2 Rxd2+ 34. Rxd2 Nc5 $6 ({Since Black loses the resulting pawn endgame by a
tempo, Black had to try his luck in the line} 34... b5 35. Nb6 $1 (35. Nc3 Nc5
$1 36. Rd5 b4 $1) 35... Rb8 36. Nc8 Nd8 {although this is also very depressing.
}) 35. Nxc5 bxc5 36. Ke3 Kf6 37. Rd5 a4 38. Kd3 Ke6 39. Kc4 Rxd7 40. Rxd7 Kxd7
41. Kxc5 f5 42. Kb4 f4 43. Kxa4 g5 44. Kb3 g4 45. Kc3 h5 46. Kd3 h4 47. Ke2 1-0

[Event "Canadian op"]
[Site "Edmonton"]
[Date "2009.07.18"]
[Round "8"]
[White "Adams, Michael"]
[Black "Porper, Edward"]
[Result "1/2-1/2"]
[WhiteElo "2699"]
[BlackElo "2448"]
[Annotator "Shabalov,A"]
[PlyCount "66"]
[EventDate "2009.07.11"]
[EventType "swiss"]
[EventRounds "9"]
[EventCountry "CAN"]
[SourceTitle "CBM 132 Extra"]
[Source "ChessBase"]
[SourceDate "2009.11.03"]
[SourceVersion "1"]
[SourceVersionDate "2009.11.03"]
[SourceQuality "1"]

1. e4 Nf6 2. e5 Nd5 3. d4 d6 4. Nf3 Nc6 5. c4 Nb6 6. exd6 exd6 7. Be2 Be7 8.
O-O O-O 9. d5 Ne5 10. Nxe5 dxe5 11. Nc3 Bc5 12. Be3 $1 {When it comes to quiet
and simple positions Michael Adams remains one of the top players in the world.
} Bxe3 13. fxe3 Qg5 14. Qd3 Bg4 15. Bxg4 Qxg4 16. e4 Nd7 17. h3 Qg6 18. Kh2 a6
19. b4 Qb6 20. a3 Qd4 21. Rad1 Qxd3 22. Rxd3 b6 23. Rc1 Rfb8 24. g4 Kf8 25. Kg3
Ke8 26. g5 Rc8 27. Rf1 a5 28. b5 {Michael outplayed his opponent from a
slightly better middlegame, but lets the game slip away from him with the text
and the follow up two moves later} (28. Nb5 $1 axb4 29. axb4 Ra2 30. d6 c6 31.
Nc7+ Kf8 32. Rdf3 f6 33. gxf6 gxf6 34. Rxf6+ Nxf6 35. Rxf6+ Kg7 36. d7 Rd8 37.
Rf3 $3 {was winning right away.}) 28... f6 29. gxf6 gxf6 30. d6 $5 c6 {#} 31.
c5 $6 {A two-pawn sac is exciting, but it changes the assessment of the
position from slightly better for White to White has some compensation.
Michael's draw offer is timely.} (31. Kf2 Kf7 32. Rg3 cxb5 33. Rfg1 {forced
rooks exchange} Rg8 34. Rxg8 Rxg8 35. Rxg8 Kxg8 36. Nxb5 Kf7 37. Nc7 {and the
resulting knight ending is drawn.}) ({But another double pawn sacrifice} 31.
Rf5 $5 cxb5 32. Rh5 bxc4 33. Rd1 {would certainly be something Mike was
looking for}) 31... Nxc5 32. d7+ Nxd7 33. Rd6 cxb5 {In the final position
Black is better, but not by much after 34.Nd5} 1/2-1/2